[Event "BI-2012-P-00020"]
[Site "LSS email"]
[Date "2012.04.20"]
[Round "?"]
[White "Stadler, Pavel"]
[Black "Wimmer, Jaroslav"]
[Result "1-0"]
[WhiteElo "1370"]
[BlackElo "2029"]
[PlyCount "36"]
[EventDate "2012.04.22"]
[EventType "tourn (corr)"]
[EventRounds "10"]
[EventCountry "GER"]
[SourceTitle "Corr 2015"]
[Source "ChessBase"]
[SourceDate "2015.07.17"]
[SourceVersion "1"]
[SourceVersionDate "2015.07.17"]
[SourceQuality "1"]

1. e4 e6 2. d4 d5 3. Nd2 c5 4. Ngf3 Nf6 5. exd5 exd5 6. Bb5+ Bd7 7. Bxd7+ Nbxd7 8. 0-0 Be7 9. Re1 0-0 10. Nf1 Re8 11. Bg5 Qb6 12. b3 cxd4 13. Nxd4 Rac8 14. Ne3 Bb4 15. Rf1 Bc3 16. Ndf5 Qc5 17. Rc1 d4 18. Bxf6 Nxf6 1-0

[Event "WC-2016-P-00001"]
[Site "LSS email"]
[Date "2012.02.12"]
[Round "?"]
[White "Ivanov, Valerij"]
[Black "Wimmer, Jaroslav"]
[Result "1-0"]
[WhiteElo "2258"]
[BlackElo "2027"]
[PlyCount "113"]
[EventDate "2012.02.15"]
[EventType "tourn (corr)"]
[EventRounds "10"]
[EventCountry "GER"]
[SourceTitle "Telechess CBM 159"]
[Source "ChessBase"]
[SourceDate "2014.03.17"]
[SourceVersion "1"]
[SourceVersionDate "2014.03.17"]
[SourceQuality "1"]

1. e4 e6 2. d4 d5 3. Nc3 Bb4 4. a3 Bxc3+ 5. bxc3 Ne7 6. Bd3 c5 7. exd5 exd5 8. dxc5 Nd7 9. Be3 Qa5 10. Ne2 Nxc5 11. Qb1 Nxd3+ 12. cxd3 0-0 13. Qb4 Qc7 14. 0-0 Bf5 15. Nf4 Qd7 16. Rfe1 Nc6 17. Qb3 d4 18. Bd2 h6 19. h3 Rac8 20. a4 Rfe8 21. c4 Ne5 22. a5 Qc6 23. Rab1 Rb8 24. Qa3 Qf6 25. Nd5 Qg6 26. Rxe5 Rxe5 27. Bf4 Bxh3 28. Bg3 Rbe8 29. Nf4 Qf5 30. gxh3 h5 31. h4 g5 32. Ng2 Rxa5 33. Qb3 b6 34. hxg5 Kh7 35. Qd1 Qxg5 36. Qf3 Rf5 37. Qb7 Rg8 38. Qe4 Qg4 39. Qxg4 Rxg4 40. Kh2 Ra5 41. Kh3 Rgg5 42. Nf4 b5 43. Nd5 bxc4 44. dxc4 Ra3 45. Rd1 d3 46. Bf4 Rg6 47. Kh4 Ra4 48. Ne3 Ra2 49. Bg3 a5 50. Rxd3 Ra1 51. Kh3 a4 52. Rd7 Rh1+ 53. Kg2 Re1 54. Kf3 Rf6+ 55. Bf4 Ra6 56. Rxf7+ Kg8 57. Rf5 1-0

[Event "WC-2016-P-00001"]
[Site "LSS email"]
[Date "2012.02.12"]
[Round "?"]
[White "Lizorkina, Veronika"]
[Black "Wimmer, Jaroslav"]
[Result "0-1"]
[WhiteElo "2085"]
[BlackElo "2027"]
[PlyCount "110"]
[EventDate "2012.02.15"]
[EventType "tourn (corr)"]
[EventRounds "10"]
[EventCountry "GER"]
[SourceTitle "Telechess CBM 159"]
[Source "ChessBase"]
[SourceDate "2014.03.17"]
[SourceVersion "1"]
[SourceVersionDate "2014.03.17"]
[SourceQuality "1"]

1. d4 d5 2. c4 e6 3. Nf3 Nf6 4. g3 Bb4+ 5. Bd2 Be7 6. Bg2 Nbd7 7. 0-0 0-0 8. Qc2 c6 9. Bf4 h6 10. Rd1 Nh5 11. Bc1 Nhf6 12. Nbd2 b6 13. e4 Bb7 14. e5 Ne8 15. b3 Nc7 16. Bb2 c5 17. Nf1 Qb8 18. Ne3 a5 19. Qe2 Rd8 20. Rab1 dxc4 21. bxc4 cxd4 22. Rxd4 Nc5 23. Rbd1 Rxd4 24. Nxd4 Bxg2 25. Kxg2 Qe8 26. Qf3 Rd8 27. Ba3 N7a6 28. Qc6 Nb4 29. Bxb4 axb4 30. Qxb6 Na4 31. Qc6 Nc3 32. Ra1 Qf8 33. Nec2 Rc8 34. Qa6 Qe8 35. h4 Bf8 36. Ne1 h5 37. Nec2 Qd7 38. Rg1 Ne4 39. Rc1 g6 40. Rd1 Rc7 41. Kf3 Nc3 42. Rd3 Ra7 43. Qc6 Nxa2 44. Qxd7 Rxd7 45. Rd2 Nc1 46. Ke3 Bc5 47. Ke4 Na2 48. Kf3 Rd8 49. Nb3 Rxd2 50. Nxd2 Nc1 51. Ke4 b3 52. Ne3 Kf8 53. Nd1 Ke7 54. Nb1 Kd7 55. Nbc3 Kc6 0-1

[Event "WC-2016-P-00001"]
[Site "LSS email"]
[Date "2012.02.12"]
[Round "?"]
[White "Perez, Giorgio"]
[Black "Wimmer, Jaroslav"]
[Result "0-1"]
[WhiteElo "1773"]
[BlackElo "2027"]
[PlyCount "110"]
[EventDate "2012.02.15"]
[EventType "tourn (corr)"]
[EventRounds "10"]
[EventCountry "GER"]
[SourceTitle "Telechess CBM 159"]
[Source "ChessBase"]
[SourceDate "2014.03.17"]
[SourceVersion "1"]
[SourceVersionDate "2014.03.17"]
[SourceQuality "1"]

1. e4 e6 2. d4 d5 3. exd5 exd5 4. c4 Nf6 5. Nf3 Bb4+ 6. Nc3 0-0 7. Be2 Be6 8. cxd5 Nxd5 9. Qc2 Re8 10. 0-0 h6 11. a3 Bd6 12. Re1 Nd7 13. Ne4 N5f6 14. Nxd6 cxd6 15. Bf4 Rc8 16. Qd2 Ne4 17. Qb4 Ndf6 18. Qxb7 Rb8 19. Qxa7 Rxb2 20. Bc1 Rb8 21. Bd3 Re7 22. Qa4 Bb3 23. Qa6 Bd5 24. Bxe4 Nxe4 25. Be3 Rc7 26. Rac1 Nc3 27. Bf4 Rb2 28. Qd3 Qc8 29. Ra1 Na2 30. Qe3 Rcc2 31. Bxd6 Rxf2 32. Qxf2 Rxf2 33. Kxf2 Nc3 34. Bb4 Ne4+ 35. Kg1 Qc2 36. Rac1 Qf2+ 37. Kh1 g5 38. Rf1 Qb2 39. Rb1 Qa2 40. Ra1 Qb3 41. Rab1 Qd3 42. Rbe1 h5 43. Ng1 g4 44. Ne2 Bc4 45. Ng3 Nxg3+ 46. hxg3 Qxg3 47. Re8+ Kg7 48. Be1 Qd3 49. Rf4 Bd5 50. Kg1 g3 51. Re5 f6 52. Rxd5 Qe3+ 53. Rf2 Kg6 54. Rdf5 gxf2+ 55. Rxf2 Qxe1+ 0-1

[Event "BI-2011-F-00001"]
[Site "LSS email"]
[Date "2012.02.12"]
[Round "?"]
[White "Schroeder, Christoph"]
[Black "Wimmer, Jaroslav"]
[Result "1-0"]
[WhiteElo "2206"]
[BlackElo "2029"]
[PlyCount "77"]
[EventDate "2012.02.15"]
[EventType "tourn (corr)"]
[EventRounds "10"]
[EventCountry "GER"]
[SourceTitle "Telechess CBM 165"]
[Source "ChessBase"]
[SourceDate "2015.03.11"]
[SourceVersion "1"]
[SourceVersionDate "2015.03.11"]
[SourceQuality "1"]

1. e4 e6 2. Nf3 d5 3. Nc3 Nf6 4. e5 Nfd7 5. d4 c5 6. dxc5 Bxc5 7. Bd3 Nc6 8. Bf4 h6 9. Bg3 0-0 10. 0-0 a6 11. Qd2 Ba7 12. a3 Nc5 13. Rac1 Bd7 14. Rfe1 Ne7 15. Bh4 Qe8 16. Bxe7 Qxe7 17. b4 Nxd3 18. cxd3 Bb6 19. Qb2 a5 20. Na2 Rfc8 21. g3 axb4 22. Nxb4 Ba7 23. Kg2 Qd8 24. Rxc8 Rxc8 25. Rc1 Ba4 26. h4 Rc7 27. Na2 Rxc1 28. Qxc1 Qb6 29. d4 Qc6 30. Qxc6 bxc6 31. Nc3 Bb3 32. Kf1 f6 33. exf6 gxf6 34. Ke2 Bb6 35. g4 e5 36. dxe5 fxe5 37. Nd2 Bc2 38. Nd1 e4 39. Ne3 1-0

[Event "WC-2016-P-00001"]
[Site "LSS email"]
[Date "2012.02.12"]
[Round "?"]
[White "Vontina, Maria"]
[Black "Wimmer, Jaroslav"]
[Result "0-1"]
[WhiteElo "684"]
[BlackElo "2027"]
[PlyCount "40"]
[EventDate "2012.02.15"]
[EventType "tourn (corr)"]
[EventRounds "10"]
[EventCountry "GER"]
[SourceTitle "Telechess CBM 159"]
[Source "ChessBase"]
[SourceDate "2014.03.17"]
[SourceVersion "1"]
[SourceVersionDate "2014.03.17"]
[SourceQuality "1"]

1. e4 e6 2. d4 d5 3. Nc3 Bb4 4. e5 c5 5. a3 Bxc3+ 6. bxc3 Ne7 7. Qg4 0-0 8. Bd3 c4 9. Be2 Nbc6 10. Nf3 Qa5 11. Bd2 f6 12. exf6 Rxf6 13. Qh5 Nf5 14. 0-0 Bd7 15. Ne5 Nxe5 16. dxe5 Rf7 17. Qg4 Rc8 18. Rfd1 Ba4 19. Rdc1 d4 20. Qxd4 Nxd4 0-1

[Event "WC-2016-P-00001"]
[Site "LSS email"]
[Date "2012.02.12"]
[Round "?"]
[White "Wimmer, Jaroslav"]
[Black "Chamaev, Aleksandr Viktorovi"]
[Result "0-1"]
[WhiteElo "2027"]
[BlackElo "2234"]
[PlyCount "64"]
[EventDate "2012.02.15"]
[EventType "tourn (corr)"]
[EventRounds "10"]
[EventCountry "GER"]
[SourceTitle "Telechess CBM 159"]
[Source "ChessBase"]
[SourceDate "2014.03.17"]
[SourceVersion "1"]
[SourceVersionDate "2014.03.17"]
[SourceQuality "1"]

1. d4 Nf6 2. Nf3 d5 3. c4 c6 4. e3 e6 5. Nc3 Nbd7 6. Bd3 dxc4 7. Bxc4 b5 8. Bd3 a6 9. e4 c5 10. d5 c4 11. dxe6 fxe6 12. Bc2 Qc7 13. 0-0 Bb7 14. Ng5 Nc5 15. e5 Qxe5 16. Re1 Qd6 17. Qxd6 Bxd6 18. Be3 0-0 19. Rad1 Be7 20. Bxc5 Bxc5 21. Nxe6 Rfc8 22. a3 Rab8 23. Bf5 g6 24. Nxc5 Rxc5 25. Bh3 Re8 26. Rxe8+ Nxe8 27. f3 Rc7 28. Kf2 Kf7 29. Ke3 Ke7 30. Rd2 Bc6 31. Kd4 Kd6 32. a4 Ng7 0-1

[Event "BI-2011-F-00001"]
[Site "LSS email"]
[Date "2012.02.12"]
[Round "?"]
[White "Wimmer, Jaroslav"]
[Black "Kasabasic, Djordje"]
[Result "0-1"]
[WhiteElo "2029"]
[BlackElo "2124"]
[PlyCount "88"]
[EventDate "2012.02.15"]
[EventType "tourn (corr)"]
[EventRounds "10"]
[EventCountry "GER"]
[SourceTitle "Telechess CBM 165"]
[Source "ChessBase"]
[SourceDate "2015.03.11"]
[SourceVersion "1"]
[SourceVersionDate "2015.03.11"]
[SourceQuality "1"]

1. d4 Nf6 2. Nf3 d5 3. c4 c6 4. e3 e6 5. Nc3 Nbd7 6. Bd3 dxc4 7. Bxc4 b5 8. Bd3 Bb7 9. a3 a6 10. b4 a5 11. Rb1 axb4 12. axb4 Bd6 13. Qb3 0-0 14. 0-0 Qe7 15. Rd1 e5 16. e4 Bc7 17. Ne2 Rfd8 18. Re1 Bd6 19. Bd2 exd4 20. Nexd4 c5 21. Nf5 Qf8 22. Nxd6 Qxd6 23. e5 Nxe5 24. Nxe5 c4 25. Bxc4 bxc4 26. Qxc4 Bd5 27. Qd4 Qe6 28. Ra1 Rxa1 29. Rxa1 Rd6 30. Qb2 Nd7 31. Bc3 f6 32. Nxd7 Qxd7 33. f3 Be6 34. Qb1 Rd3 35. Be1 Qd5 36. h3 h6 37. Bf2 Rb3 38. Qe1 Bd7 39. Ra7 Rb2 40. Qe7 Qd2 41. Qc5 Rxb4 42. Be3 Qd1+ 43. Kh2 Rb5 44. Qc4+ Qd5 0-1

[Event "BI-2011-F-00001"]
[Site "LSS email"]
[Date "2012.02.12"]
[Round "?"]
[White "Wimmer, Jaroslav"]
[Black "Schunck, Franz"]
[Result "0-1"]
[WhiteElo "2029"]
[BlackElo "2105"]
[PlyCount "120"]
[EventDate "2012.02.15"]
[EventType "tourn (corr)"]
[EventRounds "10"]
[EventCountry "GER"]
[SourceTitle "Telechess CBM 165"]
[Source "ChessBase"]
[SourceDate "2015.03.11"]
[SourceVersion "1"]
[SourceVersionDate "2015.03.11"]
[SourceQuality "1"]

1. d4 Nf6 2. Nf3 e6 3. c4 b6 4. g3 Bb4+ 5. Bd2 Bxd2+ 6. Qxd2 Ba6 7. b3 0-0 8. Nc3 d5 9. Bg2 c6 10. 0-0 dxc4 11. Ne5 cxb3 12. axb3 Bb7 13. Nc4 a5 14. e4 Na6 15. Na4 Nd7 16. Nd6 Rb8 17. e5 Ba8 18. f4 Nb4 19. Rad1 f5 20. Rfe1 Nf6 21. exf6 Qxd6 22. fxg7 Rf6 23. Re5 Kxg7 24. Qe2 Nd5 25. Bxd5 cxd5 26. Re1 Kf7 27. Nb2 Bc6 28. Re3 Be8 29. Nd3 Kg8 30. Rc1 Bb5 31. Qe1 Rb7 32. Ne5 Rc7 33. Rec3 Rxc3 34. Qxc3 Rf8 35. Qc7 Qa3 36. Nf3 Rf7 37. Qd8+ Rf8 38. Qg5+ Kh8 39. Re1 Re8 40. Qf6+ Kg8 41. Qe5 Re7 42. Ng5 Qxb3 43. g4 h6 44. Nxe6 Qc3 45. gxf5 Rf7 46. Kg2 Kh7 47. Nf8+ Rxf8 48. Qe7+ Kg8 49. Rg1 Rxf5 50. h4 Qxd4 51. Kh1+ Qxg1+ 52. Kxg1 Rxf4 53. Qd6 Rf7 54. Qxb6 Bc4 55. Qxa5 Kg7 56. Qd8 Rf6 57. Qe8 Rf4 58. h5 Rg4+ 59. Kf2 Rg5 60. Qe7+ Kh8 0-1

[Event "BI-2011-F-00001"]
[Site "LSS email"]
[Date "2012.02.12"]
[Round "?"]
[White "Wimmer, Jaroslav"]
[Black "Tavani, Alberto"]
[Result "0-1"]
[WhiteElo "2029"]
[BlackElo "2280"]
[PlyCount "96"]
[EventDate "2012.02.15"]
[EventType "tourn (corr)"]
[EventRounds "10"]
[EventCountry "GER"]
[SourceTitle "Telechess CBM 165"]
[Source "ChessBase"]
[SourceDate "2015.03.11"]
[SourceVersion "1"]
[SourceVersionDate "2015.03.11"]
[SourceQuality "1"]

1. d4 Nf6 2. Nf3 g6 3. g3 Bg7 4. Bg2 0-0 5. 0-0 d5 6. c4 dxc4 7. Na3 Nc6 8. Nxc4 Be6 9. Nce5 Bd5 10. Bf4 Nxe5 11. dxe5 Nh5 12. Be3 f5 13. Qc2 c6 14. Rad1 Qd7 15. Rd3 f4 16. Bc5 Qe6 17. Qa4 b6 18. Bd4 b5 19. Qa6 Rad8 20. Bc3 Bxf3 21. Rxd8 Rxd8 22. exf3 Bxe5 23. Re1 Rd5 24. Bf1 Qd6 25. Rxe5 Rxe5 26. Bxe5 Qxe5 27. Qxc6 Kg7 28. Bxb5 fxg3 29. hxg3 Qxb2 30. Qc5 Qxa2 31. g4 Qa1+ 32. Kh2 Qf6 33. gxh5 Qxf3 34. Qd4+ Kh6 35. Qd2+ Kg7 36. h6+ Kf6 37. Bd7 Qh5+ 38. Bh3 Qh4 39. Qe3 e5 40. Kg2 Qg5+ 41. Kf3 Qh5+ 42. Bg4 Qg5 43. Qe4 Qd2 44. Kg2 Qd4 45. Qc6+ Kg5 46. Be2 Kxh6 47. Qa8 Kg7 48. Qb7+ Kh6 0-1

[Event "WC-2016-P-00001"]
[Site "LSS email"]
[Date "2012.02.12"]
[Round "?"]
[White "Wimmer, Jaroslav"]
[Black "Vontina, Maria"]
[Result "1-0"]
[WhiteElo "2027"]
[BlackElo "684"]
[PlyCount "39"]
[EventDate "2012.02.15"]
[EventType "tourn (corr)"]
[EventRounds "10"]
[EventCountry "GER"]
[SourceTitle "Telechess CBM 159"]
[Source "ChessBase"]
[SourceDate "2014.03.17"]
[SourceVersion "1"]
[SourceVersionDate "2014.03.17"]
[SourceQuality "1"]

1. d4 Nf6 2. Nf3 d5 3. c4 e6 4. Nc3 Be7 5. Bg5 0-0 6. e3 Nbd7 7. Rc1 c6 8. Bd3 dxc4 9. Bxc4 Nb6 10. Bd3 Nbd5 11. 0-0 h6 12. Bxf6 Bxf6 13. Ne4 Be7 14. Bb1 Nf6 15. Nc5 Qc7 16. Ne5 Bd6 17. f4 Qd8 18. Qc2 Qe8 19. Ng4 Nxg4 20. Qh7# 1-0

[Event "CP-2010-Q-00013"]
[Site "LSS email"]
[Date "2012.01.15"]
[Round "?"]
[White "Wimmer, Jaroslav"]
[Black "Svajdler, Frantisek"]
[Result "1-0"]
[WhiteElo "2029"]
[BlackElo "2121"]
[PlyCount "65"]
[EventDate "2012.01.20"]
[EventType "tourn (corr)"]
[EventRounds "6"]
[EventCountry "GER"]
[SourceTitle "Telechess CBM 155"]
[Source "ChessBase"]
[SourceDate "2013.07.16"]
[SourceVersion "1"]
[SourceVersionDate "2013.07.16"]
[SourceQuality "1"]

1. d4 Nf6 2. Nf3 e6 3. c4 d5 4. Nc3 c6 5. Bg5 h6 6. Bxf6 Qxf6 7. e3 Nd7 8. Bd3 dxc4 9. Bxc4 Bd6 10. 0-0 Qe7 11. Ne4 Bc7 12. Qc2 0-0 13. Bb3 Rd8 14. Rad1 Nb6 15. Rfe1 Nd5 16. a3 e5 17. Nc5 exd4 18. exd4 Qf6 19. Bxd5 cxd5 20. Nxb7 Bxh2+ 21. Nxh2 Bxb7 22. Ng4 Qg5 23. Ne5 Rdc8 24. Qa4 Rc7 25. Re3 Qf6 26. Rde1 Qa6 27. Qb3 Qb6 28. Qxb6 axb6 29. Rb3 f6 30. Nd3 Ra4 31. Nb4 Kf7 32. Rbe3 Ra7 33. Re6 1-0

[Event "RM-2011-0-00082"]
[Site "LSS email"]
[Date "2011.11.18"]
[Round "?"]
[White "Wimmer, Jaroslav"]
[Black "Langer, Rajmund"]
[Result "1/2-1/2"]
[WhiteElo "2274"]
[BlackElo "2273"]
[PlyCount "93"]
[EventDate "2011.08.29"]
[EventType "tourn (corr)"]
[EventRounds "6"]
[EventCountry "GER"]
[SourceTitle "Telechess CBM 157"]
[Source "ChessBase"]
[SourceDate "2013.11.12"]
[SourceVersion "1"]
[SourceVersionDate "2013.11.12"]
[SourceQuality "1"]

1. d4 Nf6 2. Nf3 e6 3. c4 b6 4. g3 Bb7 5. Bg2 Be7 6. 0-0 0-0 7. Nc3 Ne4 8. Qd3 Nxc3 9. Qxc3 c5 10. Rd1 d6 11. Qd3 Nc6 12. Bf4 Bf6 13. Qa3 Be7 14. Rac1 Nb4 15. Qa4 Bc6 16. Qb3 Qe8 17. dxc5 dxc5 18. Rd2 f6 19. a3 Na6 20. Bd6 Rd8 21. Bxe7 Qxe7 22. Rcd1 Rxd2 23. Rxd2 Rd8 24. Qe3 Rd6 25. h4 h6 26. h5 Be8 27. g4 Nb8 28. Rxd6 Qxd6 29. Nh4 Nc6 30. Bxc6 Bxc6 31. f3 Kf7 32. Kf2 Qh2+ 33. Ng2 Qd6 34. Nf4 e5 35. Ng2 f5 36. gxf5 Kf6 37. Qc1 e4 38. f4 Kxf5 39. Qg1 Kf6 40. b3 Kf7 41. Qh2 Bd7 42. Qg3 Qf6 43. Ne3 Be6 44. Ng4 Qd4+ 45. Ne3 Qf6 46. Kg2 a6 47. Ng4 1/2-1/2

[Event "RM-2011-0-00082"]
[Site "LSS email"]
[Date "2011.11.17"]
[Round "?"]
[White "Blauert, Joerg"]
[Black "Wimmer, Jaroslav"]
[Result "0-1"]
[WhiteElo "2294"]
[BlackElo "2274"]
[PlyCount "26"]
[EventDate "2011.08.29"]
[EventType "tourn (corr)"]
[EventRounds "6"]
[EventCountry "GER"]
[SourceTitle "Corr 2015"]
[Source "ChessBase"]
[SourceDate "2015.07.17"]
[SourceVersion "1"]
[SourceVersionDate "2015.07.17"]
[SourceQuality "1"]

1. f4 Nf6 2. b3 d6 3. Nc3 e5 4. e4 Be7 5. Bb2 0-0 6. fxe5 dxe5 7. Nf3 Nc6 8. Bc4 Bc5 9. Na4 Bd6 10. Nc3 Bg4 11. 0-0 Nd4 12. Be2 c6 13. Kh1 Qe7 0-1

[Event "CP-2011-P-00053"]
[Site "LSS email"]
[Date "2011.09.30"]
[Round "?"]
[White "Nicolaescu, Nicolae"]
[Black "Wimmer, Jaroslav"]
[Result "0-1"]
[WhiteElo "1631"]
[BlackElo "2029"]
[PlyCount "104"]
[EventDate "2011.10.01"]
[EventType "tourn (corr)"]
[EventRounds "6"]
[EventCountry "GER"]
[SourceTitle "Telechess CBM 153"]
[Source "ChessBase"]
[SourceDate "2013.03.14"]
[SourceVersion "1"]
[SourceVersionDate "2013.03.14"]
[SourceQuality "1"]

1. e4 e6 2. d4 d5 3. e5 c5 4. c3 Nc6 5. Nf3 Qb6 6. a3 c4 7. Nbd2 Na5 8. Be2 Bd7 9. 0-0 Rc8 10. Rb1 Ne7 11. g3 Nf5 12. Re1 Qd8 13. Nf1 Be7 14. Ne3 Nxe3 15. Bxe3 0-0 16. Bf1 Rc6 17. Nd2 Rb6 18. Qg4 f5 19. Qe2 Qe8 20. Bg2 Ba4 21. Nf3 h6 22. h4 Qh5 23. Bf4 Kh8 24. Be3 f4 25. Bxf4 Qf5 26. Rbc1 Be8 27. Nh2 Nb3 28. Rcd1 Bxh4 29. Nf1 Be7 30. Ne3 Qg6 31. Nf1 Qh7 32. Bh3 Bg6 33. Nd2 Na5 34. Ra1 h5 35. Ra2 h4 36. Bg4 Bd3 37. Qe3 Nb3 38. a4 hxg3 39. fxg3 Rc6 40. Bg5 Nxd2 41. Qxd2 Be4 42. Rxe4 Bxg5 43. Qxg5 Qxe4 44. Ra1 Qd3 45. Bh3 Kg8 46. Re1 Qc2 47. Rf1 Rxf1+ 48. Bxf1 Rc8 49. Qe7 Qg6 50. Bg2 Re8 51. Qxb7 Kh7 52. Qd7 a5 0-1

[Event "CP-2011-P-00053"]
[Site "LSS email"]
[Date "2011.09.30"]
[Round "?"]
[White "Sebok, Janos"]
[Black "Wimmer, Jaroslav"]
[Result "0-1"]
[WhiteElo "598"]
[BlackElo "2029"]
[PlyCount "30"]
[EventDate "2011.10.01"]
[EventType "tourn (corr)"]
[EventRounds "6"]
[EventCountry "GER"]
[SourceTitle "Corr 2015"]
[Source "ChessBase"]
[SourceDate "2015.07.17"]
[SourceVersion "1"]
[SourceVersionDate "2015.07.17"]
[SourceQuality "1"]

1. d4 d5 2. Nf3 Nf6 3. Nc3 c5 4. e3 Nc6 5. Bb5 e6 6. 0-0 Qc7 7. Re1 Bd7 8. e4 dxe4 9. Nxe4 cxd4 10. Bxc6 Bxc6 11. Qxd4 Nxe4 12. Re2 Rd8 13. Qe5 Qxe5 14. Nxe5 Rd1+ 15. Re1 Rxe1# 0-1

[Event "RA-2011-0-00142"]
[Site "LSS email"]
[Date "2011.07.24"]
[Round "?"]
[White "Egorov, Vladimir Alekseevic"]
[Black "Wimmer, Jaroslav"]
[Result "0-1"]
[WhiteElo "2123"]
[BlackElo "2264"]
[PlyCount "160"]
[EventDate "2011.06.19"]
[EventType "tourn (corr)"]
[EventRounds "6"]
[EventCountry "GER"]
[SourceTitle "Telechess CBM 151"]
[Source "ChessBase"]
[SourceDate "2012.11.13"]
[SourceVersion "1"]
[SourceVersionDate "2012.11.13"]
[SourceQuality "1"]

1. d4 d5 2. c4 e6 3. Nc3 Nf6 4. cxd5 exd5 5. Bg5 c6 6. Qc2 Be6 7. e3 h6 8. Bf4 Bd6 9. Bd3 Bxf4 10. exf4 0-0 11. Nf3 Qc7 12. Qd2 c5 13. dxc5 Qxc5 14. 0-0 Nc6 15. Rac1 Qa5 16. Rfe1 d4 17. Ne4 Qxd2 18. Nxf6+ gxf6 19. Nxd2 Bxa2 20. Rc5 Nb4 21. Be4 a5 22. Kf1 b6 23. Rf5 Rac8 24. Rxf6 d3 25. Rxb6 Rc2 26. Rd1 Rxb2 27. f5 a4 28. Rd6 Rc8 29. Bxd3 a3 30. Be4 Bc4+ 31. Nxc4 Rxc4 32. Bb1 Rf4 33. R6d2 a2 34. Bxa2 Rxa2 35. Rxa2 Nxa2 36. Ra1 Nc3 37. Ra5 Rb4 38. g3 Kg7 39. Rc5 Ne4 40. Rc2 Nd6 41. Kg2 Nxf5 42. Rc5 Nd6 43. Rc6 Ne4 44. Rc2 Rd4 45. Re2 f5 46. Re3 Rd2 47. Rf3 Kg6 48. Rf4 Kg5 49. Kg1 Nc5 50. h4+ Kg6 51. g4 fxg4 52. Rxg4+ Kh5 53. Rf4 Nd3 54. Rf6 Rb2 55. Kg2 Rb4 56. Kg3 Rg4+ 57. Kf3 Rxh4 58. Rf5+ Kg6 59. Rf8 Rb4 60. Kg3 h5 61. Rg8+ Kf7 62. Rg5 h4+ 63. Kg2 Rf4 64. f3 Kf6 65. Ra5 Rf5 66. Ra8 Nf4+ 67. Kh2 Rd5 68. Rf8+ Kg5 69. Rg8+ Ng6 70. Rg7 Rd2+ 71. Kh3 Rf2 72. f4+ Rxf4 73. Rg8 Rf2 74. Rg7 Rd2 75. Rg8 Kf5 76. Ra8 Rd3+ 77. Kh2 h3 78. Rb8 Kg4 79. Rb4+ Nf4 80. Rb2 Ne6 0-1

[Event "BI-2011-P-00012"]
[Site "LSS email"]
[Date "2011.04.17"]
[Round "?"]
[White "Luers, Charles J"]
[Black "Wimmer, Jaroslav"]
[Result "0-1"]
[WhiteElo "1805"]
[BlackElo "2268"]
[PlyCount "88"]
[EventDate "2011.04.20"]
[EventType "tourn (corr)"]
[EventRounds "10"]
[EventCountry "GER"]
[SourceTitle "Telechess CBM 155"]
[Source "ChessBase"]
[SourceDate "2013.07.16"]
[SourceVersion "1"]
[SourceVersionDate "2013.07.16"]
[SourceQuality "1"]

1. e4 e6 2. d4 d5 3. Nd2 c5 4. exd5 exd5 5. Ngf3 Nf6 6. Be2 Be7 7. dxc5 Bxc5 8. Nb3 Bb6 9. 0-0 0-0 10. c3 Re8 11. Nfd4 Nc6 12. Re1 Bd7 13. Be3 h6 14. a4 a6 15. Qc2 Qc7 16. g3 Ne5 17. Bf4 g5 18. Bxe5 Rxe5 19. a5 Ba7 20. Bd3 Rae8 21. Rxe5 Qxe5 22. Nf3 Qe7 23. Re1 Ne4 24. Nbd4 Bh3 25. Bf1 Bxf1 26. Rxf1 Qf6 27. Qd1 h5 28. Ne1 Qg6 29. Nd3 h4 30. Nb4 Nf6 31. Qf3 g4 32. Qf4 h3 33. Nbc2 Re4 34. Qc1 Nd7 35. Ne3 Ne5 36. Nxd5 Kf8 37. Ne3 Bxd4 38. cxd4 Nf3+ 39. Kh1 Nxd4 40. Qc8+ Kg7 41. Qxb7 Re5 42. b4 Qe6 43. Rd1 Nf5 44. Nxf5+ Qxf5 0-1

[Event "BI-2011-P-00012"]
[Site "LSS email"]
[Date "2011.04.17"]
[Round "?"]
[White "Wimmer, Jaroslav"]
[Black "Aalderink, Gerwin"]
[Result "1-0"]
[WhiteElo "2268"]
[BlackElo "2084"]
[PlyCount "103"]
[EventDate "2011.04.20"]
[EventType "tourn (corr)"]
[EventRounds "10"]
[EventCountry "GER"]
[SourceTitle "Telechess CBM 155"]
[Source "ChessBase"]
[SourceDate "2013.07.16"]
[SourceVersion "1"]
[SourceVersionDate "2013.07.16"]
[SourceQuality "1"]

1. d4 f5 2. Nf3 Nf6 3. c4 g6 4. Nc3 Bg7 5. g3 d6 6. Bg2 0-0 7. 0-0 c6 8. Qb3 Qb6 9. Qc2 Na6 10. Rd1 Be6 11. b3 Rac8 12. e3 Qd8 13. Bb2 Nc7 14. Rac1 Bd7 15. b4 a5 16. b5 Ne6 17. bxc6 bxc6 18. c5 Re8 19. Na4 Ne4 20. Nb6 Rc7 21. a4 d5 22. Ne1 Ra7 23. f3 Nf6 24. Bc3 Bc8 25. Qd2 g5 26. Nc2 g4 27. f4 Bb7 28. Bxa5 Nc7 29. Rb1 Rf8 30. Rb2 Ba6 31. Rdb1 Ne4 32. Qd1 Qe8 33. Bxe4 dxe4 34. Nb4 Bf6 35. Nxa6 Nxa6 36. Be1 Nc7 37. a5 Kg7 38. Qa4 Ra6 39. Nc4 Nd5 40. Rb8 Qxb8 41. Rxb8 Rxb8 42. Nb6 Ra7 43. Qxc6 Nxe3 44. Qa4 e6 45. c6 Kg6 46. Kf2 Nd5 47. Nxd5 exd5 48. Ke3 Rc8 49. a6 Rb8 50. Bb4 Rb6 51. c7 Rxc7 52. Qa5 1-0

[Event "BI-2011-P-00012"]
[Site "LSS email"]
[Date "2011.04.17"]
[Round "?"]
[White "Wimmer, Jaroslav"]
[Black "Milde, Lars"]
[Result "1-0"]
[WhiteElo "2268"]
[BlackElo "1814"]
[PlyCount "85"]
[EventDate "2011.04.20"]
[EventType "tourn (corr)"]
[EventRounds "10"]
[EventCountry "GER"]
[SourceTitle "Telechess CBM 157"]
[Source "ChessBase"]
[SourceDate "2013.11.12"]
[SourceVersion "1"]
[SourceVersionDate "2013.11.12"]
[SourceQuality "1"]

1. d4 d5 2. Nf3 Nf6 3. c4 e6 4. Nc3 Be7 5. Bg5 0-0 6. e3 h6 7. Bxf6 Bxf6 8. Rc1 c6 9. Bd3 Nd7 10. 0-0 dxc4 11. Bxc4 e5 12. Bb3 exd4 13. exd4 Re8 14. Re1 Rxe1+ 15. Qxe1 Nf8 16. Ne4 Bg4 17. Rc3 Be6 18. g3 Be7 19. Rd3 Bxb3 20. Rxb3 Qd7 21. Qa5 b6 22. Qa4 b5 23. Qa6 f5 24. Ned2 Bf6 25. Rc3 Rc8 26. a4 bxa4 27. Qxa4 Kh7 28. Rc5 Rd8 29. Qc2 Bxd4 30. Rxf5 g6 31. Ra5 Bb6 32. Re5 Ne6 33. h4 Kg7 34. Qe4 Re8 35. b4 Bc7 36. Qb1 Qf7 37. Re4 Bb6 38. Qc1 c5 39. Ne5 Qf5 40. Nd7 cxb4 41. Qb2+ Kg8 42. Nf6+ Kf8 43. Nc4 1-0

[Event "BI-2010-F-00002"]
[Site "LSS email"]
[Date "2011.02.21"]
[Round "?"]
[White "Wimmer, Jaroslav"]
[Black "Salzmann, Stefan"]
[Result "1/2-1/2"]
[WhiteElo "2274"]
[BlackElo "2153"]
[PlyCount "54"]
[EventDate "2011.02.24"]
[EventType "tourn (corr)"]
[EventRounds "10"]
[EventCountry "GER"]
[SourceTitle "Telechess CBM 157"]
[Source "ChessBase"]
[SourceDate "2013.11.12"]
[SourceVersion "1"]
[SourceVersionDate "2013.11.12"]
[SourceQuality "1"]

1. d4 d5 2. Nf3 Nf6 3. c4 e6 4. Nc3 c6 5. e3 Nbd7 6. Qc2 Bd6 7. Bd3 0-0 8. 0-0 dxc4 9. Bxc4 b5 10. Be2 Bb7 11. Rd1 Qc7 12. a3 a6 13. e4 e5 14. dxe5 Nxe5 15. Nd4 Ng6 16. g3 Be5 17. Bg5 c5 18. Nf5 Ne7 19. Nxe7+ Qxe7 20. Nd5 Qe6 21. Bxf6 Bxf6 22. Nc7 Bxe4 23. Qxc5 Qc8 24. Rd2 Rb8 25. Rad1 Qb7 26. Qe3 Bc6 27. Nd5 Bxd5 1/2-1/2